000 00589nmm a2200169Ia 4500
008 251105s9999||||xx |||||||||||||||||und||
020 _a9788499214016
041 _aspa
100 _aBurgaya Riera, Josep
245 0 _aEl Estado de bienestar y sus detractores :
_b A propósito de los orígenes y la encrucijada del modelo social europeo en tiempos de crisis
264 _a[Madrid, España] :
_bOctaedro,
_c2013
300 _a253 páginas
490 _aCon vivencias
650 _aPolitical Science (General)
856 _uhttps://public.digitaliapublishing.com/a/30516
942 _cCF
999 _c92505
_d92505